000 00837cam a2200193 4500
001 WB3817-12
008 020509n2002 000 0 eng u
035 _a(Sirsi) u117907
245 _aRent review
260 _c2002
490 _aEstates Gazette
_v[2002] 18 EG 152 (CS) (4/5/02)
520 _a"Barclays Bank plc v Saville Estates Ltd" CA 19 April 2002. An appeal by tenant (B) over a rent review dispute, implying that it was necessary for a landlord to apply to the RICS within a reasonable time in order to give business efficacy to the lease, was allowed. The rent review clause in the lease did not impose an express time limit.
590 _aWB
650 _aBARCLAYS BANK PLC V SAVILE ESTATES LTD
650 _aRENT REVIEW
650 _aTIME LIMITS
690 _aLANDLORD AND TENANT-RENT REVIEWS-CASE LAW
942 _n0
999 _c70224
_d70224